Rapper That Have Died. - Statistics

General Stats
  • This quiz has been taken 36 times
  • The average score is 6 of 14
Answer Stats
Song Rapper % Correct
California Love Tupac Shakur
100%
Juicy The Notorious B.I.G.
88%
Gangsta's Paradise Coolio
85%
Straight Outta Compton Eazy E
58%
Still Not a Player Big Pun
35%
Up in Here DMX
35%
Circles Mac Miller
35%
Doomsday MF Doom
35%
Put it On Big L
31%
Just a Friend Biz Markie
31%
Hustle & Motivate Nipsey Hussle
19%
Whoa! Black Rob
15%
Ja in a Bra Proof
15%
Nutshell Phife Dawg
4%
No matching quizzes found
Score Distribution
Percent of People with Each Score
Percentile by Number Answered
Your Score History
You have not taken this quiz